00522nam a22001817a 450000500170000001000150001702000260003203500130005803700130007108200110008410000200009524500830011525000110019826000310020927000530024030000280029350000190032120161206111641.0 aENG-116268 a9788120352667c225.00 aEN-99800 bDBAD/PUB a368.32 aMishra,Kaninika aFundamantals life insurance :btheories and applications /cby Kaninika Mishra a2nd ed aDelhibPHI Learningc2016 a111,Patparganj Industrial Eatate bDelhie110092 a197p. :billc24cm(pbk) aIncludes index